| 000 | 01994nam a2200397 a 4500 | ||
|---|---|---|---|
| 001 | ebr10680818 | ||
| 003 | CaPaEBR | ||
| 006 | m u | ||
| 007 | cr cn||||||||| | ||
| 008 | 091105s2009 nyua sb 101 0 eng d | ||
| 010 | _z 2009517374 | ||
| 020 | _z9781606929353 (pbk.) | ||
| 020 | _z1606929356 (pbk.) | ||
| 020 | _z9781617285738 (e-book) | ||
| 040 |
_aCaPaEBR _cCaPaEBR |
||
| 035 | _a(OCoLC)665842165 | ||
| 050 | 1 | 4 |
_aQL698.9 _b.R27 2009eb |
| 245 | 0 | 0 |
_aRadar technology applied to migratory conservation and management _h[electronic resource] / _cDirk Kempthorne and Mark D. Myers, editors. |
| 246 | 3 | _aApplying radar technology to migratory bird conservation and management : strengthening and expanding a collaborative | |
| 260 |
_aNew York : _bNova Science Publishers, Inc., _cc2009. |
||
| 300 |
_avii, 165 p. : _bill. (some col.) |
||
| 500 | _a"This is an edited, reformatted and augmented edition of a U.S. Geological Survey Open-file report 2007-1361, entitled 'Applying radar technology to migratory [bird] conservation and management: strengthening and expanding a collaborative.'"--Preface. | ||
| 500 | _aWorkshop held 24 - 26 October 2006, The Nativo Lodge, Albuquerque, New Mexico. | ||
| 504 | _aIncludes bibliographical references (p. [133]-140) and index. | ||
| 533 |
_aElectronic reproduction. _bPalo Alto, Calif. : _cebrary, _d2013. _nAvailable via World Wide Web. _nAccess may be limited to ebrary affiliated libraries. |
||
| 650 | 0 |
_aRadar in ornithology _vCongresses. |
|
| 650 | 0 |
_aBirds _xMigration _vCongresses. |
|
| 650 | 0 |
_aBirds _xConservation _vCongresses. |
|
| 655 | 7 |
_aElectronic books. _2local |
|
| 700 | 1 |
_aKempthorne, Dirk, _d1951- |
|
| 700 | 1 | _aMyers, Mark D. | |
| 710 | 2 | _aGeological Survey (U.S.) | |
| 710 | 2 | _aebrary, Inc. | |
| 830 | 0 |
_aU.S. Geological Survey open-file report ; _v2007-1361. |
|
| 856 | 4 | 0 |
_uhttp://site.ebrary.com/lib/rucke/Doc?id=10680818 _zAn electronic book accessible through the World Wide Web; click to view |
| 999 |
_c60232 _d60232 |
||